• 首页
  • 本馆介绍
  • 公告通知
  • 最新文献
  • 馆藏检索
  • 电子资源
  • 读者导购
  • 参考咨询
  • 我的图书馆
  • 登录
  • 详细信息显示
  • 放入我的书架
  • 预约/预借图书
  • 作者相关作品
  • 分类相关作品
  • 丛书相关作品
  • 出版社相关作品

书目信息

  • 表格格式
  • 工作单格式
  • 卡片格式
题名:
新课程标准下的体育教师评价体系研究
    
 
作者: 董建玲 , 郭士安 , 刘满娥 娥著
分册:  
出版信息: 沈阳   辽海出版社  2019.1
页数: 351页
开本: 19cm
丛书名:
单 册:
中图分类: G451.1 , G807
科图分类:
主题词: 体育教师--教师评价--研究--中国
电子资源:
ISBN: 978-7-5451-4497-0
000 01281nam0 2200289 45
001 012001001119
005 20130910150549.0
010    @a978-7-5451-4497-0@dCNY78.00
099    @aCAL 012019064623
100    @a20190517d2017 em y0chiy0110 ea
101 0  @achi
102    @aCN@b210000
105    @ay a 000yy
106    @ar
200 1  @a新课程标准下的体育教师评价体系研究@Axin ke cheng biao zhun xia de ti yu jiao shi ping jia ti xi yan jiu@f董建玲, 郭士安, 刘满娥著
210    @a沈阳@c辽海出版社@d2019.1
215    @a351页@d19cm
320    @a有书目 (第349-351页)
330    @a目前我国教育评价体系中,有对学校组织管理的评价,对教师的评价,对学生学的的评价,而教师评价处在一个承上启下的重要位置。对教师的管理是学校管理的主要环节,同时教师又是学校体育的组织者和执行者,是学生进行体育学习的引导者。那么在新课程标准的要求下,如何合理有效的评价教师,促进教师发展,使其适应“健康第一”指导思想的要求,进而促进学校的管理和学生的学习,使学生的身心得到全面的发展,这是一个值得我们去思考的问题。
606 0  @a体育教师@x教师评价@x研究@y中国
690    @aG451.1@v5
690    @aG807@v5
701  0 @a董建玲@ADong Kian ling@4娥著
701  0 @a郭士安@AGuo Shian@4娥著
701  0 @a刘满娥@ALiu Mane@4著
801    @aCN@b江苏凤凰@c20211018
905    @b1342272-5@dG451.1@e503@f4
    
    新课程标准下的体育教师评价体系研究/董建玲, 郭士安, 刘满娥著.-沈阳:辽海出版社,2019.1
    351页;19cm
    
    
    ISBN 978-7-5451-4497-0:CNY78.00
    目前我国教育评价体系中,有对学校组织管理的评价,对教师的评价,对学生学的的评价,而教师评价处在一个承上启下的重要位置。对教师的管理是学校管理的主要环节,同时教师又是学校体育的组织者和执行者,是学生进行体育学习的引导者。那么在新课程标准的要求下,如何合理有效的评价教师,促进教师发展,使其适应“健康第一”指导思想的要求,进而促进学校的管理和学生的学习,使学生的身心得到全面的发展,这是一个值得我们去思考的问题。
●
相关链接 在E读中查询图书 在五车中查询图书 在当当中查询图书 在豆瓣中查询图书


正题名:新课程标准下的体育教师评价体系研究     索取号:G451.1/503         预约/预借

序号 登录号 条形码 馆藏地/架位号 状态 备注
1 1342272   213422722   第一样本阅览室/ [索取号:G451.1/503] 在馆    
2 1342273   213422731   第四借阅区/ [索取号:G451.1/503] 在馆    
3 1342274   213422740   第四借阅区/ [索取号:G451.1/503] 在馆    
4 1342275   213422759   第四借阅区/ [索取号:G451.1/503] 在馆    
唐山师范学院图书馆 欢迎您!
大连网信软件有限公司© 版权所有